| 000 | 00861nam a2200229 a 4500 | ||
|---|---|---|---|
| 001 | 000033620 | ||
| 005 | 20200930070406.0 | ||
| 008 | 110901s1944 dr ac 001 0 spa d | ||
| 040 |
_aDO-SdBNP _bspa _cBNPHU |
||
| 082 |
_a725.96 _bA367p, 1944 |
||
| 100 | 1 |
_aAlemar, Luis E. _934472 |
|
| 245 | 1 | 3 |
_aLa puerta de El Conde / _cLuis E. Alemar. |
| 250 | _a2ª ed. | ||
| 260 |
_aSantiago de los Caballeros, República Dominicana : _bEl Diario, _c1944. |
||
| 300 |
_a43 p. : _bil., retrs. ; _c23 cm. |
||
| 650 | 4 |
_aMonumentos históricos _zSanto Domingo (República Dominicana{Rpara} _97717 |
|
| 650 | 4 |
_aSitios históricos _zSanto Domingo (República Dominicana{Rpara} _957792 |
|
| 650 | 4 |
_aArquitectura colonial _zRepública Dominicana _934508 |
|
| 650 | 4 |
_aArte colonial _zRepública Dominicana _934509 |
|
| 910 | _aValidado. Control de calidad EMS | ||
| 049 | _aBNPD | ||
| 999 |
_c33111 _d33111 |
||